[Event "4th Chennai Open"]
[Site "Chennai IND"]
[Date "2012.01.04"]
[Round "2"]
[White "Barua, Dibyendu"]
[Black "Prasannaa, S"]
[Result "1-0"]
[WhiteTitle "GM"]
[WhiteElo "2460"]
[BlackElo "2112"]
[WhiteFideId "5000025"]
[BlackFideId "5068878"]
[EventDate "2012.01.04"]

1. e4 c5 2. Nf3 Nc6 3. d4 cxd4 4. Nxd4 Nf6 5. Nc3 e5 6. Ndb5 d6 7. Bg5 a6 8. Na3
b5 9. Nd5 Be7 10. Bxf6 Bxf6 11. c3 Bg5 12. Nc2 O-O 13. Nce3 Rb8 14. b4 Bxe3 15.
Nxe3 Ne7 16. Bd3 Be6 17. Qc2 Qc7 18. O-O g6 19. Rfd1 Rfd8 20. a4 d5 21. axb5
axb5 22. Rac1 Qb6 23. exd5 Nxd5 24. Nxd5 Bxd5 25. Qe2 Qb7 26. Qf1 Rd6 27. Be2
Rbd8 28. Ra1 Bc6 29. Rxd6 Rxd6 30. Rd1 Rxd1 31. Bxd1 Qd7 32. Qe2 Qd5 33. f3 Kg7
34. Bc2 f5 35. Kf2 e4 36. f4 Qa2 37. Bd1 Qe6 38. Qd2 Qd7 39. Qxd7+ Bxd7 40. Ke3
Kf6 1-0

[Event "4th Chennai Open"]
[Site "Chennai IND"]
[Date "2012.01.04"]
[Round "2"]
[White "Padhya, Saumil"]
[Black "Thejkumar, M. S."]
[Result "0-1"]
[BlackTitle "IM"]
[WhiteElo "2115"]
[BlackElo "2455"]
[WhiteFideId "5079853"]
[BlackFideId "5009154"]
[EventDate "2012.01.04"]

1. e4 c6 2. d4 d5 3. Nd2 dxe4 4. Nxe4 Nf6 5. Nxf6+ gxf6 6. c3 Bf5 7. Nf3 e6 8.
Be2 Nd7 9. O-O Bg7 10. Be3 O-O 11. Nh4 Bg6 12. c4 f5 13. Nxg6 hxg6 14. d5 Be5
15. f4 Bc7 16. dxc6 bxc6 17. Bf3 Bb6 18. Qc1 Bxe3+ 19. Qxe3 Qc7 20. b3 Rfe8 21.
Rad1 Rad8 22. Rfe1 c5 23. Kh1 Nf8 24. Rxd8 Rxd8 25. Rd1 Rxd1+ 26. Bxd1 f6 27.
Bf3 Kg7 28. g3 e5 29. Bd5 Nd7 30. a3 Nb6 31. b4 cxb4 32. axb4 Qd6 33. Bf3 Qxb4
34. fxe5 Qb1+ 35. Kg2 Qb2+ 36. Qf2 Qxf2+ 37. Kxf2 fxe5 38. c5 Nc8 39. Bb7 Ne7
40. Ke3 Kf6 41. h3 a5 42. g4 a4 43. Ba6 Nd5+ 44. Kf2 Nb4 45. Bc4 a3 46. gxf5
Kxf5 47. Kf3 e4+ 48. Ke3 a2 49. Bxa2 Nxa2 50. Kd4 Nb4 51. Kc4 e3 0-1

[Event "4th Chennai Open"]
[Site "Chennai IND"]
[Date "2012.01.05"]
[Round "3"]
[White "Aleksandrov, Aleksej"]
[Black "Swayams, Mishra"]
[Result "1-0"]
[WhiteTitle "GM"]
[WhiteElo "2612"]
[BlackElo "2386"]
[WhiteFideId "13500139"]
[BlackFideId "5028183"]
[EventDate "2012.01.04"]

1. d4 Nf6 2. c4 e6 3. Nc3 Bb4 4. e3 O-O 5. Bd3 b6 6. Ne2 Bb7 7. O-O d5 8. cxd5
exd5 9. Qc2 Re8 10. Bd2 Bf8 11. Rad1 c5 12. Bc1 Nc6 13. a3 c4 14. Bf5 g6 15. Bh3
Na5 16. Bd2 Nb3 17. Be1 a6 18. Nc1 Nxc1 19. Qxc1 Bh6 20. b3 cxb3 21. Qb2 a5 22.
Qxb3 a4 23. Nxa4 Ba6 24. Nxb6 Bxf1 25. Kxf1 Ra6 26. Rb1 Qd6 27. Qb5 Qxa3 28.
Nxd5 Rd8 29. Bb4 Nxd5 30. Bxa3 Rxa3 31. g3 Bf8 32. Rc1 Nc3 33. Qb2 Ne4 34. Bg2
Nf6 35. Bf3 Ra6 36. Qb7 Rad6 37. Bc6 Ng4 38. h3 Nf6 39. Ra1 1-0

[Event "4th Chennai Open"]
[Site "Chennai IND"]
[Date "2012.01.05"]
[Round "3"]
[White "Navin, Kanna"]
[Black "Kravtsiv, Martyn"]
[Result "1/2-1/2"]
[BlackTitle "GM"]
[WhiteElo "2377"]
[BlackElo "2602"]
[WhiteFideId "5015294"]
[BlackFideId "14113147"]
[EventDate "2012.01.04"]

1. d4 Nf6 2. Nf3 e6 3. g3 d5 4. Bg2 b5 5. O-O Be7 6. Ne5 c5 7. c3 O-O 8. a4 bxa4
9. Qxa4 Nfd7 10. Nc6 Nxc6 11. Qxc6 Nb6 12. Bf4 Bd7 13. Qb7 cxd4 14. cxd4 Bc8 15.
Qc6 Qd7 16. Rc1 g5 17. Bd2 Qxc6 18. Rxc6 Bd7 19. Rc7 Rfc8 20. Rcxa7 Rxa7 21.
Rxa7 Rc2 22. Ba5 Rc1+ 23. Bf1 Rxb1 24. Bxb6 Bb5 25. Kg2 Bf6 26. Bc5 Rxb2 27. e3
Bxf1+ 28. Kxf1 g4 29. Be7 Kg7 30. Bxf6+ Kxf6 31. Kg2 Rd2 32. Rd7 1/2-1/2

[Event "4th Chennai Open"]
[Site "Chennai IND"]
[Date "2012.01.05"]
[Round "3"]
[White "Murali Krishnan, B.T."]
[Black "Oleksienko, Mikhailo"]
[Result "0-1"]
[WhiteTitle "IM"]
[BlackTitle "GM"]
[WhiteElo "2366"]
[BlackElo "2563"]
[WhiteFideId "5004977"]
[BlackFideId "4152417"]
[EventDate "2012.01.04"]

1. d4 Nf6 2. c4 e6 3. Nc3 Bb4 4. e3 O-O 5. Bd3 d5 6. a3 Bxc3+ 7. bxc3 dxc4 8.
Bxc4 c5 9. Nf3 Qa5 10. O-O Qxc3 11. Qe2 b5 12. Bd3 Qxa1 13. e4 Bb7 14. e5 Bxf3
15. Qxf3 Nd5 16. Bh6 Qxd4 17. Qg3 g6 18. h4 c4 19. Bb1 Nd7 20. h5 Qxe5 21. f4
Qe3+ 0-1

[Event "4th Chennai Open"]
[Site "Chennai IND"]
[Date "2012.01.05"]
[Round "3"]
[White "Ramnath Bhuvanesh.R"]
[Black "Sethuraman, S.P."]
[Result "0-1"]
[WhiteTitle "IM"]
[BlackTitle "GM"]
[WhiteElo "2357"]
[BlackElo "2529"]
[WhiteFideId "5026598"]
[BlackFideId "5021596"]
[EventDate "2012.01.04"]

1. e4 e5 2. Nf3 Nc6 3. Bc4 Nf6 4. d3 Be7 5. O-O O-O 6. Re1 d6 7. c3 Na5 8. Bb5
c5 9. h3 a6 10. Ba4 b5 11. Bc2 Qc7 12. Nbd2 Re8 13. Nf1 Bf8 14. N3h2 Be6 15. Ng3
d5 16. Bg5 Nd7 17. exd5 Bxd5 18. Qh5 g6 19. Qh4 f5 20. d4 e4 21. dxc5 Qxc5 22.
Be3 Qc6 23. Bd4 Nc4 24. Bb3 Nc5 25. Rad1 Nd3 26. Re2 h6 27. Be3 Kh7 28. Bxc4
bxc4 29. Rc2 Rab8 30. Rdd2 Rb7 31. Ne2 Rf7 32. b3 cxb3 33. axb3 Bxb3 34. Nd4 Qa4
35. Rxd3 exd3 36. Rc1 Re4 37. Qg3 f4 38. Qf3 fxe3 0-1

[Event "4th Chennai Open"]
[Site "Chennai IND"]
[Date "2012.01.05"]
[Round "3"]
[White "Venkatesh, M.R."]
[Black "Praveen Kumar, C."]
[Result "1-0"]
[WhiteTitle "IM"]
[BlackTitle "IM"]
[WhiteElo "2499"]
[BlackElo "2338"]
[WhiteFideId "5005779"]
[BlackFideId "5007372"]
[EventDate "2012.01.04"]

1. e4 e6 2. d4 d5 3. Nd2 h6 4. Ngf3 Nf6 5. e5 Nfd7 6. Bd3 c5 7. c3 Nc6 8. O-O g5
9. dxc5 Bxc5 10. Qe2 g4 11. Nd4 Ndxe5 12. Nxc6 Nxc6 13. Nb3 Bd6 14. Qxg4 Qf6 15.
f4 Bd7 16. Qf3 O-O-O 17. Be3 Kb8 18. Nd4 Rhg8 19. Nb5 e5 20. Qxd5 Bh3 21. Be4
Qe7 22. fxe5 Bxe5 23. Qxf7 Bd4 24. cxd4 Qxe4 25. Qf4+ Qxf4 26. Bxf4+ Kc8 27. Bg3
a6 28. d5 1-0

[Event "4th Chennai Open"]
[Site "Chennai IND"]
[Date "2012.01.05"]
[Round "3"]
[White "Rajesh, V A V"]
[Black "Deepan, Chakkravarthy J."]
[Result "1/2-1/2"]
[WhiteTitle "FM"]
[BlackTitle "GM"]
[WhiteElo "2338"]
[BlackElo "2495"]
[WhiteFideId "5029317"]
[BlackFideId "5011132"]
[EventDate "2012.01.04"]

1. d4 Nf6 2. c4 g6 3. Nc3 d5 4. Bf4 Bg7 5. Nf3 O-O 6. e3 c5 7. dxc5 Qa5 8. Rc1
dxc4 9. Bxc4 Qxc5 10. Bb3 Nc6 11. O-O Qa5 12. h3 h6 13. Bh2 Bd7 14. Qe2 Rad8 15.
Rfd1 Bc8 16. Rxd8 Rxd8 17. Nb5 Ne8 18. Nfd4 Bd7 19. Rd1 Nxd4 20. Nxd4 Ba4 21.
Bxa4 Qxa4 22. b3 Qa3 23. Bg3 Qa5 24. Rc1 Qd5 25. Nf3 a6 26. Qc4 Qxc4 27. Rxc4
Kf8 28. Kf1 e6 29. Ke2 Ke7 30. e4 Nd6 31. Rc7+ Rd7 32. Bxd6+ Kxd6 33. Rc8 h5 34.
Nd2 Bd4 35. Nc4+ Ke7 36. f4 f6 37. Rg8 Kf7 38. Rb8 Bc5 39. a4 Ke7 40. e5 f5 41.
a5 Bb4 42. Rc8 Rd8 43. Rc7+ Rd7 44. Rc8 Rd8 45. Rc7+ Rd7 46. Rc8 1/2-1/2

[Event "4th Chennai Open"]
[Site "Chennai IND"]
[Date "2012.01.05"]
[Round "3"]
[White "Yu, Ruiyuan"]
[Black "Phoobalan, P."]
[Result "1-0"]
[WhiteElo "2491"]
[BlackElo "2323"]
[WhiteFideId "8603090"]
[BlackFideId "5011191"]
[EventDate "2012.01.04"]

1. e4 e5 2. Nf3 Nc6 3. d4 exd4 4. Nxd4 Nf6 5. Nxc6 bxc6 6. e5 Qe7 7. Qe2 Nd5 8.
c4 Ba6 9. b3 g5 10. Bb2 Bg7 11. g3 O-O 12. Bg2 Rfe8 13. O-O Bxe5 14. Bxe5 Qxe5
15. Qxe5 Rxe5 16. cxd5 Bxf1 17. Kxf1 cxd5 18. Nd2 g4 19. Nc4 Rg5 20. Re1 c6 21.
Re5 Rxe5 22. Nxe5 Rd8 23. Nxg4 Kg7 24. Ke2 Re8+ 25. Kd3 Re1 26. Ne3 Ra1 27. a4
Ra3 28. Kc3 Ra2 29. Nc2 d4+ 30. Kd3 Rb2 31. b4 Kf6 32. Be4 h6 33. Kxd4 a5 34.
Kc3 Rb1 35. bxa5 Rb7 36. a6 Ra7 37. Bd3 Ke6 38. Kb4 Kd6 39. Ne3 1-0

[Event "4th Chennai Open"]
[Site "Chennai IND"]
[Date "2012.01.05"]
[Round "3"]
[White "Sagar, Shah"]
[Black "Dzhumaev, Marat"]
[Result "0-1"]
[BlackTitle "GM"]
[WhiteElo "2298"]
[BlackElo "2481"]
[WhiteFideId "5022509"]
[BlackFideId "14200236"]
[EventDate "2012.01.04"]

1. c4 f5 2. g3 Nf6 3. Bg2 g6 4. Nc3 Bg7 5. d3 d6 6. e4 Nc6 7. Nge2 O-O 8. O-O e5
9. Nd5 Nd7 10. Be3 Nc5 11. Qd2 Ne6 12. exf5 gxf5 13. Rae1 Bd7 14. b4 a6 15. f4
Be8 16. fxe5 dxe5 17. Bh6 Qd7 18. b5 axb5 19. cxb5 Ncd8 20. Nec3 Bg6 21. Bxg7
Qxg7 22. a4 Nd4 23. b6 c6 24. Nc7 Ra5 25. Rf2 Qe7 26. N3b5 Rxa4 27. Nxd4 Rxd4
28. Qa2+ Kh8 29. Qa5 Nf7 30. Qa7 Qb4 31. Rfe2 Bh5 32. Re3 Rxd3 33. Qxb7 Rxe3 34.
Rxe3 Qd4 0-1

[Event "4th Chennai Open"]
[Site "Chennai IND"]
[Date "2012.01.05"]
[Round "3"]
[White "Ma, Qun"]
[Black "Kunal, M."]
[Result "1/2-1/2"]
[WhiteElo "2475"]
[BlackElo "2288"]
[WhiteFideId "8603154"]
[BlackFideId "5018250"]
[EventDate "2012.01.04"]

1. e4 c6 2. d4 d5 3. Nd2 dxe4 4. Nxe4 Bf5 5. Ng3 Bg6 6. h4 h6 7. Nf3 Nd7 8. h5
Bh7 9. Bd3 Bxd3 10. Qxd3 Ngf6 11. Bd2 Qc7 12. O-O-O O-O-O 13. Ne4 e6 14. g3 Nc5
15. Nxc5 Bxc5 16. Qe2 Bxd4 17. Bf4 e5 18. Bxe5 Bxe5 19. Nxe5 Rxd1+ 20. Rxd1 Re8
21. f4 Rd8 22. Rxd8+ Qxd8 23. c4 Qe7 24. Kd2 Qe6 25. g4 Nd7 26. Nd3 Qxe2+ 27.
Kxe2 Kd8 28. Ke3 Ke7 29. Ke4 Ke6 30. g5 f5+ 31. Kd4 Kd6 32. c5+ Ke7 33. Ne5 Nf8
34. Nf3 Ke6 35. b4 Nh7 36. a3 Nf8 37. a4 a6 38. Kc4 hxg5 39. fxg5 f4 40. h6 gxh6
41. gxh6 Kf5 42. Kd3 Nh7 43. Nd4+ Kg4 44. Nxc6 bxc6 45. b5 axb5 46. axb5 f3 47.
b6 Kh3 48. Ke3 Kg2 49. b7 f2 50. b8=Q f1=Q 51. Qg8+ Kh3 52. Qxh7 Qg1+ 53. Kd2
Qg5+ 54. Ke2 Qh5+ 55. Ke1 Qh4+ 56. Kd2 Qg5+ 57. Kd3 Qd5+ 58. Ke2 Qh5+ 59. Kf1
Qf3+ 60. Ke1 Qg3+ 61. Ke2 Qg2+ 62. Ke3 Qg1+ 63. Kf4 Qc1+ 64. Kf3 Qf1+ 65. Ke3
Qg1+ 66. Kd2 Qg5+ 1/2-1/2

[Event "4th Chennai Open"]
[Site "Chennai IND"]
[Date "2012.01.05"]
[Round "3"]
[White "Shashikant, Kutwal"]
[Black "Ashwin, Jayaram"]
[Result "1-0"]
[BlackTitle "IM"]
[WhiteElo "2289"]
[BlackElo "2472"]
[WhiteFideId "5006520"]
[BlackFideId "5018137"]
[EventDate "2012.01.04"]

1. e4 c5 2. Nf3 d6 3. d4 cxd4 4. Nxd4 Nf6 5. Nc3 Nc6 6. Bc4 Qb6 7. Nb3 e6 8. O-O
Be7 9. Bd3 Qc7 10. f4 a6 11. Qf3 Nd7 12. Bd2 b5 13. Rae1 Bb7 14. Kh1 Nc5 15. Qg3
Nxd3 16. cxd3 Bf6 17. Rc1 Qe7 18. e5 dxe5 19. Ne4 O-O 20. Nxf6+ Qxf6 21. Nc5 Qe7
22. fxe5 Kh8 23. Bg5 f6 24. exf6 gxf6 25. Bh4 Nd4 26. Nxb7 Nf5 27. Rxf5 exf5 28.
Rc7 f4 29. Rxe7 fxg3 30. hxg3 Kg8 31. Nd6 f5 32. Bg5 Rad8 33. Re6 Rd7 34. Be7
Rf7 35. Nxf7 Kxf7 36. Rh6 Kg7 37. Bg5 Rxd3 38. Rxa6 Rxg3 39. Bf4 Rd3 40. Rd6 1-0

[Event "4th Chennai Open"]
[Site "Chennai IND"]
[Date "2012.01.05"]
[Round "3"]
[White "Neelotpal, Das"]
[Black "Joshi, G B"]
[Result "1-0"]
[WhiteTitle "GM"]
[WhiteElo "2471"]
[BlackElo "2256"]
[WhiteFideId "5003512"]
[BlackFideId "5000262"]
[EventDate "2012.01.04"]

1. d4 d5 2. c4 e6 3. Nf3 Nf6 4. g3 dxc4 5. Bg2 c6 6. Ne5 Bb4+ 7. Bd2 Be7 8. e3
Nbd7 9. Nxc4 Qc7 10. a4 O-O 11. O-O Rd8 12. a5 e5 13. Nc3 Bb4 14. Qa4 Bxc3 15.
Bxc3 Nd5 16. Bd2 exd4 17. exd4 N7f6 18. Qa3 Bf5 19. Rfe1 a6 20. h3 Be6 21. Rac1
Re8 22. b4 Rad8 23. Qb2 h6 24. Ne5 Ne7 25. Bf4 Qc8 26. Nc4 Bxc4 27. Rxc4 Ng6 28.
Rxe8+ Rxe8 29. Be3 Qd7 30. Rc5 Ne4 31. Bxe4 Rxe4 32. Kh2 Re6 33. d5 cxd5 34. Bd4
f6 35. Qc2 Ne7 36. Rc7 Qb5 37. Bc5 Kf7 38. Qd1 Re5 39. h4 Ke8 40. Qg4 Kd8 41.
Bb6 Re2 42. Rc8# 1-0

[Event "4th Chennai Open"]
[Site "Chennai IND"]
[Date "2012.01.05"]
[Round "3"]
[White "Ravi, Teja S."]
[Black "Barua, Dibyendu"]
[Result "1/2-1/2"]
[BlackTitle "GM"]
[WhiteElo "2283"]
[BlackElo "2460"]
[WhiteFideId "5017220"]
[BlackFideId "5000025"]
[EventDate "2012.01.04"]

1. d4 d5 2. c4 e6 3. Nf3 c6 4. e3 f5 5. Bd3 Nf6 6. O-O Bd6 7. b3 Ne4 8. Ba3 O-O
9. Qc1 Nd7 10. Bxd6 Nxd6 11. Nbd2 Nf6 12. Ne5 Ng4 13. Ndf3 Nxe5 14. Nxe5 Nf7 15.
f4 Bd7 16. b4 Qe7 17. Qb2 Rfc8 18. c5 b5 19. a4 a6 20. Ra3 Nxe5 21. fxe5 Qg5 22.
Qf2 Be8 23. Rfa1 Qd8 24. Qa2 Rab8 25. axb5 axb5 26. Ra7 1/2-1/2

[Event "4th Chennai Open"]
[Site "Chennai IND"]
[Date "2012.01.05"]
[Round "3"]
[White "Thejkumar, M. S."]
[Black "Gokhale, Chandrashekhar"]
[Result "1-0"]
[WhiteTitle "IM"]
[BlackTitle "IM"]
[WhiteElo "2455"]
[BlackElo "2230"]
[WhiteFideId "5009154"]
[BlackFideId "5001315"]
[EventDate "2012.01.04"]

1. d4 d6 2. Nf3 g6 3. c4 Bg7 4. Nc3 e5 5. g3 exd4 6. Nxd4 Nc6 7. Nxc6 bxc6 8.
Bg2 Ne7 9. Bg5 f6 10. Bf4 Rb8 11. b3 Be6 12. h4 h6 13. Qc2 O-O 14. Rd1 c5 15.
Qc1 Kh7 16. Qa3 Nc8 17. Nb5 Qe7 18. Nxa7 Nxa7 19. Qxa7 Bg4 20. Rd2 Rbe8 21. Bc6
Bxe2 22. Be3 Bg4 23. O-O Rc8 24. Re1 Bd7 25. Bxd7 Qxd7 26. Qb7 f5 27. Rde2 Bc3
28. Bd2 Bf6 29. Bc3 Bd8 30. Re6 f4 31. Qe4 Qf7 32. h5 Rg8 33. Kg2 Bg5 34. gxf4
Bh4 35. Rh1 Bd8 36. Kf1 1-0

[Event "4th Chennai Open"]
[Site "Chennai IND"]
[Date "2012.01.05"]
[Round "3"]
[White "Hemant, Sharma2"]
[Black "Hoang, Thanh Trang"]
[Result "0-1"]
[BlackTitle "GM"]
[WhiteElo "2262"]
[BlackElo "2435"]
[WhiteFideId "5025842"]
[BlackFideId "12400149"]
[EventDate "2012.01.04"]

1. e4 e6 2. d4 d5 3. Nc3 Nf6 4. e5 Nfd7 5. f4 c5 6. Nf3 Nc6 7. Be3 Be7 8. Qd2
O-O 9. Be2 a6 10. O-O b5 11. dxc5 Bxc5 12. Bxc5 Nxc5 13. Nd4 Qb6 14. Rad1 b4 15.
Nb1 Na4 16. c3 bxc3 17. bxc3 Bd7 18. Kh1 Rfc8 19. c4 dxc4 20. Nxc6 Bxc6 21. Bxc4
Nb2 22. Rc1 Rd8 23. Qc2 Rac8 24. Na3 Ba4 25. Qc3 Nd3 26. Rb1 Nf2+ 27. Rxf2 Qxf2
28. Qg3 Qxg3 29. hxg3 Rd1+ 30. Rxd1 Bxd1 31. Kg1 a5 32. Kf2 Ba4 33. g4 Rb8 34.
f5 Rb2+ 35. Kg3 exf5 36. gxf5 Bc6 37. e6 fxe6 38. Bxe6+ Kf8 39. Nc4 Rxg2+ 40.
Kf4 Rxa2 41. Ne5 Ra4+ 42. Kg5 Be8 43. f6 h6+ 44. Kf5 g6+ 0-1

[Event "4th Chennai Open"]
[Site "Chennai IND"]
[Date "2012.01.05"]
[Round "3"]
[White "Ramnathan, Balasubramaniam"]
[Black "Vakhidov, Jahongir"]
[Result "1/2-1/2"]
[WhiteTitle "IM"]
[BlackTitle "IM"]
[WhiteElo "2255"]
[BlackElo "2419"]
[WhiteFideId "5001277"]
[BlackFideId "14201801"]
[EventDate "2012.01.04"]

1. d4 Nf6 2. Nf3 g6 3. g3 Bg7 4. Bg2 O-O 5. O-O d6 6. c4 Nc6 7. Nc3 Bg4 8. h3
Bxf3 9. Bxf3 Nd7 10. e3 e5 11. d5 Ne7 12. Bg2 f5 13. e4 Nf6 14. Be3 Qd7 15. Kh2
Rf7 16. Qd2 f4 17. gxf4 Nh5 18. Bf3 Rxf4 19. Bxf4 Nxf4 20. Bg4 Qd8 21. Ne2 Bh6
22. Qc3 Qf8 23. Rae1 Qf6 24. Kh1 Kh8 25. Rg1 Rf8 26. Nxf4 Bxf4 27. c5 h5 28. Be6
g5 29. cxd6 cxd6 30. Rg2 Kg7 31. Qc7 Kh6 32. Qxd6 Ng6 33. Qd7 Bd2 34. Reg1 Qf3
35. Bf5 g4 36. Qe6 Qxh3+ 37. Rh2 Qf3+ 38. Rgg2 Qd1+ 39. Rg1 Qf3+ 1/2-1/2

[Event "4th Chennai Open"]
[Site "Chennai IND"]
[Date "2012.01.05"]
[Round "3"]
[White "Anilkumar, O.T."]
[Black "Himanshu, Sharma"]
[Result "0-1"]
[BlackTitle "IM"]
[WhiteElo "2232"]
[BlackElo "2408"]
[WhiteFideId "5017530"]
[BlackFideId "5007836"]
[EventDate "2012.01.04"]

1. d4 Nf6 2. Nc3 d5 3. Nf3 Bf5 4. Bg5 e6 5. e3 Be7 6. Bd3 Nbd7 7. Bxf5 exf5 8.
Qe2 c6 9. a3 O-O 10. Bxf6 Nxf6 11. Ne5 Bd6 12. Qf3 Ne4 13. Nd3 Nxc3 14. bxc3 Qa5
15. Kd2 g6 16. h3 Qc7 17. g4 fxg4 18. hxg4 f5 19. gxf5 Rxf5 20. Qg2 c5 21. dxc5
Bxc5 22. Rh4 Rc8 23. Ke2 Be7 24. Rf4 Rxf4 25. Nxf4 Qc4+ 26. Kd1 Qxc3 27. Qxd5+
Kf8 28. Ra2 Qc4 29. Qxc4 Rxc4 30. a4 g5 31. Nd3 Bf6 32. Ke2 h5 33. Kf1 Ke7 34.
f3 Kd6 35. Nf2 Kc6 36. Ne4 Be7 37. Ke2 Rb4 38. Ra1 g4 39. Kd3 gxf3 40. c3 Rb2
41. Rf1 Rg2 42. Rxf3 Rg7 43. Rf5 Rh7 44. Nf2 h4 45. Nh3 Bd6 46. Kd4 b6 47. e4
Bc5+ 48. Kc4 Rg7 49. Rf6+ Kd7 50. Rh6 Be7 51. Kd4 Rf7 52. Ke5 Bd8 53. c4 Rf3 54.
Ng1 Ra3 55. Kd5 Rd3+ 56. Ke5 Bc7+ 57. Kf5 Rg3 58. Rh7+ Kc8 59. Ne2 Rf3+ 60. Kg5
Re3 61. Nf4 Rxe4 62. Nd5 Rxc4 63. Nxc7 Rxc7 64. Rxh4 Kb7 65. Kf5 Re7 66. Rd4 Ka6
67. Rd5 Re1 0-1

[Event "4th Chennai Open"]
[Site "Chennai IND"]
[Date "2012.01.06"]
[Round "4"]
[White "Hoang, Thanh Trang"]
[Black "Aleksandrov, Aleksej"]
[Result "1/2-1/2"]
[WhiteTitle "GM"]
[BlackTitle "GM"]
[WhiteElo "2435"]
[BlackElo "2612"]
[WhiteFideId "12400149"]
[BlackFideId "13500139"]
[EventDate "2012.01.04"]

1. d4 d5 2. Bf4 Nf6 3. e3 c6 4. Bd3 Bg4 5. Ne2 Nbd7 6. f3 Bh5 7. c4 Bg6 8. Nbc3
dxc4 9. Bxc4 Nb6 10. Bb3 Nfd5 11. Qd2 Nxf4 12. Nxf4 Qc7 13. d5 Rd8 14. Qe2 Bf5
15. O-O g6 16. Rac1 Bh6 17. Rfd1 O-O 18. dxc6 Rxd1+ 19. Rxd1 bxc6 20. g3 Rd8 21.
Kg2 Bg7 22. e4 Bc8 23. Rxd8+ Qxd8 24. Qd3 Qc7 25. Qc2 Qd6 26. Na4 Bd4 27. Ne2
Be3 28. Qc3 Bd2 29. Qd4 Nxa4 30. Bxa4 c5 31. Qxd6 exd6 32. Nc3 Be6 33. Nd5 f5
34. Bb5 Kf7 35. Bc4 fxe4 36. fxe4 g5 37. Kf3 h5 38. b3 g4+ 39. Ke2 Bg5 40. a4
Bxd5 1/2-1/2

[Event "4th Chennai Open"]
[Site "Chennai IND"]
[Date "2012.01.06"]
[Round "4"]
[White "Oleksienko, Mikhailo"]
[Black "Thejkumar, M. S."]
[Result "1-0"]
[WhiteTitle "GM"]
[BlackTitle "IM"]
[WhiteElo "2563"]
[BlackElo "2455"]
[WhiteFideId "4152417"]
[BlackFideId "5009154"]
[EventDate "2012.01.04"]

1. e4 c6 2. d4 d5 3. e5 Bf5 4. h4 h5 5. Bg5 Qb6 6. Bd3 Bxd3 7. Qxd3 e6 8. Nd2
Qa6 9. c4 Nd7 10. b3 Nh6 11. Ne2 Nf5 12. O-O Be7 13. Ng3 Nxh4 14. Bxe7 Kxe7 15.
Qe3 Qa5 16. Nde4 dxe4 17. Qg5+ Kf8 18. Qxh4 Qd8 19. Qxe4 h4 20. Ne2 Qg5 21. Rad1
g6 22. Rd3 Rd8 23. f4 Qf5 24. Qxf5 gxf5 25. Rfd1 Nb6 26. Kf2 Ke7 27. Rh1 Rdg8
28. Rdh3 Rg4 29. Kf3 Rhg8 30. R1h2 Rh8 31. Nc3 Rd8 32. Ne2 Rh8 33. g3 hxg3 34.
Rxh8 gxh2 35. Rxh2 Rg8 36. Rh7 Rd8 37. Ke3 Rg8 38. Kf2 Rd8 39. Kf3 Rg8 40. Ng3
Rd8 41. Ke3 Rg8 42. Nh5 Rf8 43. a4 a5 44. Kd3 Rd8 45. Kc3 c5 46. d5 exd5 47. Ng3
dxc4 48. Nxf5+ Ke6 49. Nd6 Rg8 50. Rh6+ Kd7 51. bxc4 Rg3+ 52. Kc2 Nxa4 53. Rf6
Nc3 54. Rxf7+ Kc6 55. Nf5 Rf3 56. Ne7+ Kb6 57. Nd5+ Nxd5 58. cxd5 a4 59. e6 Re3
60. e7 Kb5 61. d6 a3 62. d7 1-0

[Event "4th Chennai Open"]
[Site "Chennai IND"]
[Date "2012.01.06"]
[Round "4"]
[White "Sethuraman, S.P."]
[Black "Nitin, S."]
[Result "1/2-1/2"]
[WhiteTitle "GM"]
[BlackTitle "IM"]
[WhiteElo "2529"]
[BlackElo "2399"]
[WhiteFideId "5021596"]
[BlackFideId "5018277"]
[EventDate "2012.01.04"]

1. c4 g6 2. g3 Bg7 3. Bg2 d6 4. Nc3 Nf6 5. d4 O-O 6. Nf3 Nbd7 7. O-O c6 8. e4 e5
9. h3 Qa5 10. Re1 exd4 11. Nxd4 Ne5 12. Bf1 Re8 13. Rb1 a6 14. Be3 c5 15. Nb3
Qc7 16. f4 Nc6 17. Bg2 Rb8 18. Rc1 b6 19. g4 h6 20. Qd2 Bb7 21. Rcd1 Rbd8 22.
Bf2 Na7 23. Bh4 Rd7 24. Bxf6 Bxf6 25. e5 Bh4 26. Re3 Bxg2 27. Kxg2 Qc6+ 28. Qd5
Rdd8 29. Qf3 dxe5 30. Rxd8 Bxd8 31. Nd5 b5 32. fxe5 Kg7 33. Nd2 bxc4 34. Nxc4
Nb5 35. Nf6 Qxf3+ 36. Rxf3 Re6 37. Ne4 Bc7 38. Nxc5 Rc6 39. b4 a5 40. a3 Nxa3
41. Nd6 axb4 42. Nce4 Bxd6 43. exd6 Rc8 44. d7 Rd8 45. Nc5 Nc4 46. Rb3 Ne5 47.
Rxb4 Kf8 48. Re4 Nxd7 49. Rd4 Ke7 50. Re4+ Kf8 1/2-1/2

[Event "4th Chennai Open"]
[Site "Chennai IND"]
[Date "2012.01.06"]
[Round "4"]
[White "Himanshu, Sharma"]
[Black "Venkatesh, M.R."]
[Result "1/2-1/2"]
[WhiteTitle "IM"]
[BlackTitle "IM"]
[WhiteElo "2408"]
[BlackElo "2499"]
[WhiteFideId "5007836"]
[BlackFideId "5005779"]
[EventDate "2012.01.04"]

1. e4 c5 2. Nf3 Nc6 3. d4 cxd4 4. Nxd4 Nf6 5. Nc3 e5 6. Ndb5 d6 7. Bg5 a6 8. Na3
b5 9. Nd5 Be7 10. Bxf6 Bxf6 11. c4 b4 12. Nc2 a5 13. Qf3 Be7 14. a3 bxa3 15.
Qxa3 Rb8 16. Be2 Be6 17. O-O O-O 18. Rfd1 Bxd5 19. cxd5 Nb4 20. Ne3 Bg5 21. Qxa5
Bxe3 22. Qxd8 Rfxd8 23. fxe3 f5 24. exf5 Nc2 25. Ra7 Nxe3 26. Rc1 Rxb2 27. Bf3
Nxf5 28. Be4 Rf8 29. Rcc7 Re2 30. Bxf5 Rxf5 31. Rxg7+ Kf8 32. h4 Rff2 33. Kh1
Ra2 34. Rad7 h5 35. Rg5 e4 36. Rxh5 Rf7 37. Rd8+ Ke7 38. Rhh8 Kf6 39. Rxd6+ Ke5
40. Rg6 Kxd5 41. Rd8+ Ke5 42. Re8+ Kf4 43. Kh2 Rf5 44. Reg8 Ke3 45. Rg3+ Kf2 46.
Kh3 e3 47. Re8 e2 48. Rge3 Rd5 49. Rf3+ Kg1 50. Rfe3 Kf2 51. Rf3+ Kg1 52. Rfe3
Kf2 53. Rf3+ 1/2-1/2

[Event "4th Chennai Open"]
[Site "Chennai IND"]
[Date "2012.01.06"]
[Round "4"]
[White "Dzhumaev, Marat"]
[Black "Akshayraj, Kore"]
[Result "0-1"]
[WhiteTitle "GM"]
[BlackTitle "IM"]
[WhiteElo "2481"]
[BlackElo "2386"]
[WhiteFideId "14200236"]
[BlackFideId "5012414"]
[EventDate "2012.01.04"]

1. e4 e5 2. Nf3 Nc6 3. Bc4 Bc5 4. b4 Bxb4 5. c3 Ba5 6. d4 d6 7. Qb3 Qd7 8. dxe5
Bb6 9. Qc2 Nxe5 10. Nxe5 dxe5 11. Ba3 Qc6 12. Bb3 Bc5 13. Bd5 Qb5 14. Bb2 Ne7
15. Na3 Qa6 16. Bc4 Qa5 17. Nb1 b5 18. Bb3 O-O 19. O-O Ng6 20. c4 b4 21. a3 Rb8
22. axb4 Qxb4 23. Ba3 Qb6 24. Bxc5 Qxc5 25. Nc3 Nf4 26. Nd5 Ne6 27. Qc3 c6 28.
Ne3 Qd4 29. Qc2 Nc5 30. Ba4 Rb2 31. Qd1 Bd7 32. Bc2 Be6 33. Qc1 Nb3 34. Bxb3
Rxb3 35. Qd1 Rd3 36. Qf3 Bxc4 37. Ra4 Rc3 38. Rfa1 a6 39. Qg4 Qc5 0-1